000
00295nam a22000977a 4500
005
20250901165447.0
008
210406b ||||| |||| 00| 0 eng d
050
_a
HD30.22 .M34 2005
245
_a
Study guide managerial economics
_b
applications, strategy, and tactics
_c
MCGUIGAN, JAMES R.
942
_2
lcc
999
_c
4325
_d
4325